000 00678cam a22002531 4500
001 sa 64006773
003 DLC
005 20260227112041.0
008 850618s1962 ii 000 1 tam
010 _asa 64006773
025 _aPL480:I-T-609
035 _a(OCoLC)13892565
040 _aDLC
_cNN
_dOCoLC
_dDLC
042 _apremarc
050 0 0 _aPL4758.9.B3
_bC3
100 0 _aMakariṣi,
_d1932-
245 1 0 _aCāṇakkiya capatam.
_c[El̲utiyavar] 'Mahariṣi'[pseud.
250 _aMutar̲ patippu]
260 _aCen̲n̲ai,
_bPārati Patippakam
_c[1962]
300 _a240 p.
_c19 cm.
500 _aIn Tamil.
500 _aA novel.
600 0 0 _aKauṭalya
_vFiction.
999 _c59862
_d59862